Divided Pokémon Name Puzzle - Statistics

General Stats
  • This quiz has been taken 175 times
  • The average score is 13 of 20
Answer Stats
Pokémon Name % Correct
JIGG LY PUFF Jigglypuff
99%
FAR FET CH'D Farfetch'd
92%
ZI GZA GOON Zigzagoon
79%
ARC ANI NE Arcanine
78%
CHA RIZA RD Charizard
78%
KRIC KE TUNE Kricketune
77%
NINE TA LES Ninetales
77%
SUD OWOO DO Sudowoodo
77%
QW ILF ISH Qwilfish
73%
KILO WATT REL Kilowattrel
69%
CL OY STER Cloyster
67%
ROCK RU FF Rockruff
64%
DAR MANI TAN Darmanitan
53%
EX CAD RILL Excadrill
52%
TOT OD ILE Totodile
50%
IV YSA UR Ivysaur
47%
PI KAC HU Pikachu
41%
ES PE ON Espeon
36%
MI LTA NK Miltank
36%
ME WT WO Mewtwo
27%
No matching quizzes found
Score Distribution
Percent of People with Each Score
Percentile by Number Answered
Your Score History
You have not taken this quiz